| 000 | 01114cam a22003257a 4500 | ||
|---|---|---|---|
| 003 | CHAP | ||
| 005 | 20220329135420.0 | ||
| 008 | 971013s1965 r 00010 d | ||
| 010 | _a36072 | ||
| 011 | _a37044 | ||
| 035 | _a41163 | ||
| 040 | _cCHAP | ||
| 082 |
_a551.5 _bO74 |
||
| 110 |
_aOrganización Meteorológica Mundial _983552 |
||
| 245 | 1 | 4 | _aThe present situation with regard to the application of numerical methods for routine weather prediction and prospects for the future |
| 260 |
_aGeneva : _bOMM, _c1965 |
||
| 300 | _a64 p. | ||
| 490 | 0 |
_aTechnical note _v; 67 |
|
| 590 |
_aBATCH-UPD _b10 _c20130110 _lUCH01 _h2150 |
||
| 590 |
_aBATCH-UPD _b10 _c20130410 _lUCH01 _h1458 |
||
| 590 |
_aBATCH-UPD _b10 _c20130914 _lUCH01 _h1619 |
||
| 590 |
_aCONVERSION _b10 _c20130109 _lUCH01 _h1320 |
||
| 650 | 1 | 4 |
_aMeteorología _xMétodos estadísticos. _975204 |
| 650 | 1 | 4 |
_aTiempo (Atmosférico) _xPredicción. _9113049 |
| 700 | 0 |
_aDoss, Bo R. _934041 |
|
| 830 | 0 |
_aTechnical note _v; 67 _9111897 |
|
| 901 | _aBK | ||
| 942 | _cLIBRO | ||
| 949 |
_a551.5 O74 _bBC _cLIBRO _d33724000241709 _eLIBRO _h54384 _i41163 _si _t90.00 |
||
| 999 |
_c36072 _d36072 |
||